将棋歴代竜王クイズ - Statistics

General Stats
  • This quiz has been taken 9 times
  • The average score is 35 of 37
Answer Stats
年度 竜王 % Correct
37 2024 藤井聡太
100%
36 2023 藤井聡太
100%
35 2022 藤井聡太
100%
34 2021 藤井聡太
100%
30 2017 羽生善治
100%
29 2016 渡辺明
100%
28 2015 渡辺明
100%
25 2012 渡辺明
100%
24 2011 渡辺明
100%
23 2010 渡辺明
100%
22 2009 渡辺明
100%
21 2008 渡辺明
100%
20 2007 渡辺明
100%
19 2006 渡辺明
100%
18 2005 渡辺明
100%
17 2004 渡辺明
100%
15 2002 羽生善治
100%
14 2001 羽生善治
100%
8 1995 羽生善治
100%
7 1994 羽生善治
100%
5 1992 羽生善治
100%
2 1989 羽生善治
100%
33 2020 豊島将之
89%
32 2019 豊島将之
89%
31 2018 広瀬章人
89%
26 2013 森内俊之
89%
16 2003 森内俊之
89%
13 2000 藤井猛
89%
12 1999 藤井猛
89%
11 1998 藤井猛
89%
10 1997 谷川浩司
89%
9 1996 谷川浩司
89%
6 1993 佐藤康光
89%
4 1991 谷川浩司
89%
3 1990 谷川浩司
89%
27 2014 糸谷哲郎
78%
1 1988 島朗
78%
No matching quizzes found
Score Distribution
Percent of People with Each Score
Percentile by Number Answered
Your Score History
You have not taken this quiz